Durante la Reconquista

Salvato in:
Dettagli Bibliografici
Autore principale: Blest Gana, Alberto (Autore)
Natura: Libro
Lingua:spagnolo
Pubblicazione: Santiago Zig-Zag 1974
Edizione:6a. ed
Serie:Epopeyas y Leyendas
Soggetti:
Tags: Aggiungi Tag
Nessun Tag, puoi essere il primo ad aggiungerne!!

MARC

LEADER 00000nam a2200000 a 4500
001 UCQ2256
003 CL-VaPUC
008 980724e19740000CL |||||||||||||||||spa|d
082 0 4 |a Ch863  |b BLE  |2 21 
100 |a Blest Gana, Alberto  |e author  |9 344235 
245 1 0 |a Durante la Reconquista 
250 |a 6a. ed 
300 |a 2 v 
942 |c BK 
945 |d 19980724 00:00:00  |a lriquelm 
260 |a Santiago  |b Zig-Zag  |c 1974 
650 0 |a Novelas chilenas   |9 265425 
650 7 |a HISTORIA RECONQUISTA 1814-1817  |2 CL-VaPUC  |9 320011 
650 0 |a Literatura chilena   |9 308278 
651 7 |a CHILE  |2 CL-VaPUC  |9 416197 
583 |a last modification  |c 19980724 00:00:00  |k Rodrigo Vera 
490 0 |a Epopeyas y Leyendas 
999 |c 273093  |d 273091 
952 |0 0  |1 0  |4 0  |6 CH_863_000000000000000_BLE_1974  |7 0  |8 A  |9 308390  |a BIBEDU  |b BIBEDU  |d 2019-11-20  |h v.1  |i 1443720  |o Ch863 BLE 1974  |p 1443720  |r 2019-11-20  |w 2019-11-20  |y BK  |k LIT 
952 |0 0  |1 0  |4 0  |6 CH_863_000000000000000_BLE_1974  |7 0  |8 A  |9 308391  |a BIBEDU  |b BIBEDU  |d 2019-11-20  |h v.2  |i 1443771  |o Ch863 BLE 1974  |p 1443771  |r 2019-11-20  |w 2019-11-20  |y BK  |k LIT 
952 |0 0  |1 0  |4 0  |6 CH_863_000000000000000_BLE_1974  |7 0  |8 A  |9 308392  |a BIBEDU  |b BIBEDU  |d 2019-11-20  |h v.2  |i 144364K  |o Ch863 BLE 1974  |p 144364K  |r 2019-11-20  |w 2019-11-20  |y BK  |k LIT